Tropic of Cancer Countries - Statistics

General Stats
  • This quiz has been taken 255 times
  • The average score is 13 of 17
Answer Stats
Country % Correct
Egypt
92%
India
92%
Algeria
91%
Mexico
91%
Saudi Arabia
89%
Libya
88%
China
86%
Morocco
84%
Burma
78%
Oman
77%
Mauritania
75%
Bangladesh
74%
Mali
73%
United Arab Emirates
68%
Niger
65%
Taiwan
61%
Bahamas
54%
No matching quizzes found
Score Distribution
Percent of People with Each Score
Percentile by Number Answered
Your Score History
You have not taken this quiz